Normal view
MARC view
- Lanzoni Paolo
Entry Personal Name
001 - CONTROL NUMBER
- control field: 33641
003 - CONTROL NUMBER IDENTIFIER
- control field: IT-RoPau
005 - DATE AND TIME OF LATEST TRANSACTION
- control field: 20140705213333.0
008 - FIXED-LENGTH DATA ELEMENTS
- fixed length control field: 140705|| aca||aabn | a|a d
040 ## - CATALOGING SOURCE
- Original cataloging agency: IT-RoPau
- Transcribing agency: IT-RoPau
100 ## - HEADING--PERSONAL NAME
- Personal name: Lanzoni Paolo
670 ## - SOURCE DATA FOUND
- Source citation: Work cat.: (IT-RoPau)102455: Lanzoni Paolo, Signore ti sei commosso - Canti per la messa dei defunti